Lucy [DVD/videorecording] / Universal Studios and ... Read More
Available copies
- 2 of 2 copies available at LARL/NWRL Consortium.
Current holds
0 current holds with 2 total copies.
Show Only Available Copies
| Location | Call Number / Copy Notes | Barcode | Shelving Location | Status | Due Date |
|---|---|---|---|---|---|
| Godel Memorial-Warren Library | DVD LUC (Text) | 35500005588577 | Main | Available | - |
| Red Lake Falls Public Library | DVD LUC (Text) | 35500005588544 | Main | Available | - |
Record details
- Physical Description: 1 videodisc (89 min.) : sound, color ; 4 3/4 in.
- Publisher: Universal City, CA : Universal Studios Home Entertainment, [2015]
Content descriptions
| General Note: | Released as a motion picture in 2014. |
| Creation/Production Credits Note: | Universal Studios ; director, Luc Besson. |
| Participant or Performer Note: | Morgan Freeman, Scarlett Johansson, Min-sik Choi, ... Read More |
| Summary, etc.: | An action-thriller that tracks a woman ... Read More |
| Target Audience Note: | MPAA rating: R; for strong violence, disturbing ... Read More |
| System Details Note: | DVD ; NTSC, region 1 ; widescreen 2.40:1 ; dual ... Read More |
| Language Note: | English, French or Spanish dialogue; Spanish, ... Read More |
Search for related items by subject
| Subject: | Human experimentation in medicine > Drama. Brain > Research > Drama. |
| LDR | 04414cgm a2200841Ii 4500 | ||
|---|---|---|---|
| 001 | 175408 | ||
| 003 | LARL_NWRL_CONSORTIUM | ||
| 005 | 20150211103917.0 | ||
| 007 | vd cvaizu | ||
| 008 | 141202s2015 cau089 e vleng d | ||
| 024 | 1 | . | ‡a025192233982 |
| 024 | 1 | 0. | ‡a025192234033 |
| 028 | 4 | 2. | ‡aMCA233982002 ‡bUniversal Studios Canada Inc. |
| 028 | 4 | 2. | ‡a61131844 ‡bUniversal |
| 035 | . | ‡a(OCoLC)897231622 | |
| 040 | . | ‡aTEFMT ‡beng ‡erda ‡cTEFMT ‡dTEF ‡dTEFMT ‡dIEP ‡dGK8 ‡dJED ‡dGK8 ‡dIH7 ‡dJP3 ‡dOCLCO ‡dRB0 ‡dCNCAR | |
| 041 | 1 | . | ‡aeng ‡afre ‡aspa ‡jeng ‡jfre ‡jspa ‡heng |
| 044 | . | ‡acau ‡afr | |
| 050 | 4. | ‡aPN1997.2 ‡b.L83 2014 | |
| 082 | 0 | 4. | ‡a791.43/72 ‡223 |
| 245 | 0 | 0. | ‡aLucy ‡h[DVD/videorecording] / ‡cUniversal Studios and EuropaCorp present in co-production with TF1 Films Production with the participation of Canal+, Ciné+ and TF1 ; written and directed by Luc Besson. |
| 257 | . | ‡aFrance. ‡2naf | |
| 260 | . | ‡aUniversal City, CA : ‡bUniversal Studios Home Entertainment, ‡c[2015] | |
| 300 | . | ‡a1 videodisc (89 min.) : ‡bsound, color ; ‡c4 3/4 in. | |
| 336 | . | ‡atwo-dimensional moving image ‡btdi ‡2rdacontent | |
| 337 | . | ‡avideo ‡bv ‡2rdamedia | |
| 338 | . | ‡avideodisc ‡bvd ‡2rdacarrier | |
| 344 | . | ‡adigital ‡boptical ‡2rda | |
| 347 | . | ‡avideo file ‡bDVD video ‡2rda | |
| 538 | . | ‡aDVD ; NTSC, region 1 ; widescreen 2.40:1 ; dual layer ; Dolby digital 5.1. | |
| 546 | . | ‡aEnglish, French or Spanish dialogue; Spanish, English or French subtitles ; English audio description. | |
| 511 | 1 | . | ‡aMorgan Freeman, Scarlett Johansson, Min-sik Choi, Amr Waked. |
| 521 | 8 | . | ‡aMPAA rating: R; for strong violence, disturbing images, and sexuality. |
| 500 | . | ‡aReleased as a motion picture in 2014. | |
| 520 | . | ‡aAn action-thriller that tracks a woman accidentally caught in a dark deal who turns the tables on her captors and transforms into a merciless warrior evolved beyond human logic. | |
| 508 | . | ‡aUniversal Studios ; director, Luc Besson. | |
| 650 | 0. | ‡aHuman experimentation in medicine ‡vDrama. | |
| 650 | 0. | ‡aBrain ‡xResearch ‡vDrama. | |
| 655 | 7. | ‡aThrillers (Motion pictures) ‡2lcgft ‡0(LARL_NWRL_CONSORTIUM)175789 | |
| 655 | 7. | ‡aAction and adventure films. ‡2lcgft ‡0(LARL_NWRL_CONSORTIUM)175617 | |
| 655 | 7. | ‡aScience fiction films. ‡2lcgft ‡0(LARL_NWRL_CONSORTIUM)175747 | |
| 655 | 7. | ‡aFeature films. ‡2lcgft ‡0(LARL_NWRL_CONSORTIUM)175625 | |
| 655 | 7. | ‡aVideo recordings for the hearing impaired. ‡2lcgft ‡0(LARL_NWRL_CONSORTIUM)175744 | |
| 655 | 7. | ‡aVideo recordings for people with visual disabilities. ‡2lcgft ‡0(LARL_NWRL_CONSORTIUM)175745 | |
| 655 | 7. | ‡aFiction films. ‡2lcgft ‡0(LARL_NWRL_CONSORTIUM)175626 | |
| 700 | 1 | . | ‡aBesson, Luc, ‡efilm director. ‡0(LARL_NWRL_CONSORTIUM)150140 |
| 700 | 1 | . | ‡aFreeman, Morgan, ‡eactor. ‡0(LARL_NWRL_CONSORTIUM)137669 |
| 700 | 1 | . | ‡aJohansson, Scarlett, ‡d1984- ‡eactor. ‡0(LARL_NWRL_CONSORTIUM)136428 |
| 700 | 1 | . | ‡aChʻoe, Min-sik, ‡d1962- ‡eactor. |
| 700 | 1 | . | ‡aWaked, Amr, ‡eactor. |
| 710 | 2 | . | ‡aUniversal Pictures (Firm) ‡0(LARL_NWRL_CONSORTIUM)76903 |
| 710 | 2 | . | ‡aEuropaCorp. ‡0(LARL_NWRL_CONSORTIUM)211577 |
| 710 | 2 | . | ‡aTF1 Films Production. ‡0(LARL_NWRL_CONSORTIUM)142324 |
| 710 | 2 | . | ‡aStudio Canal+. ‡0(LARL_NWRL_CONSORTIUM)140248 |
| 710 | 2 | . | ‡aCiné+ (France) |
| 710 | 2 | . | ‡aUniversal Studios Home Entertainment (Firm) ‡0(LARL_NWRL_CONSORTIUM)210736 |
| 948 | . | ‡hNO HOLDINGS IN LAL - 566 OTHER HOLDINGS | |
| 994 | . | ‡aZ0 ‡bLAL | |
| 901 | . | ‡a175408 ‡bOCLC ‡c175408 ‡tbiblio | |

Add to basket
Permalink
Disable Highlighting